000 01141nam a2200253 i 4500
001 132746
003 ES-MaACL
005 20250827040056.0
007 t|
008 190604s1965 sp r ||||1| spa d
110 2 _aEspaña.
_bComisión General de Codificación.
_93041
245 1 3 _aEl anteproyecto del Código civil español (1882-1888) /
_cpublicado con un estudio preliminar, notas y concordancias, por Manuel Peña Bernaldo de Quirós.
260 _aMadrid :
_bDistribuido con la colaboración del Instituto Editorial Reus,
_c1965.
300 _a777 p. ;
_c24 cm.
490 1 _aCentenario de la Ley del notariado. Sección cuarta, Fuentes y bibliografía ;
_v1
504 _aBibliografía: p. [759]-764.
594 _aEn la cubierta: Junta de Decanos de los Colegios Notariales de España.
650 4 _aDerecho civil-
_xCodificación-
_zEspaña.
_9161858
700 0 _aPeña Bernaldo de Quirós, Manuel.
_990252
710 2 _aJunta de Decanos de los Colegios Notariales de España
_95388
830 0 0 _aCentenario de la Ley del Notariado
_v1
_9193346
852 _aES-MaACL
_jL-32382
999 _c132746
_d132746